[Event "6th Open"]
[Site "Velika Gorica CRO"]
[Date "2006.08.26"]
[Round "9"]
[White "Jukic,Ze"]
[Black "Ivekovic,Z"]
[Result "1-0"]
[WhiteElo "2246"]
[BlackElo "2050"]

1.Nf3 Nf6 2.c4 g6 3.Nc3 Bg7 4.e4 d6 5.d4 O-O 6.Be2 e5 7.Be3 Ng4 8.Bg5 Qe8
9.dxe5 Nxe5 10.Nd5 Nxf3+ 11.Bxf3 Qe5 12.Bd2 Na6 13.Bc3 Qe6 14.Bxg7 Kxg7 15.O-O c6
16.Nc3 Qxc4 17.Qxd6 Qb4 18.Qd2 Be6 19.a3 Qb6 20.b4 Rfd8 21.Qb2 f6 22.Be2 Nc5
23.Rad1 a5 24.Rxd8 Rxd8 25.Rb1 Nd3 26.Bxd3 Rxd3 27.Na4 Qd4 28.Qxd4 Rxd4 29.Nc5 Ba2
30.bxa5 Rc4 31.Ne6+ Kf7 32.Nd8+ Ke8 33.Rd1 Bb3 34.Nxb7 Ke7 35.Rb1 Bc2 36.Rc1 Kd7
37.f3 Kc7 38.a6 Kb6 39.Nd6 Rc5 40.Ne8 f5 41.Nf6 h6 42.Nd7+  1-0

[Event "TCh-Serbia w"]
[Site "Zlatibor SCG"]
[Date "2006.08.26"]
[Round "1"]
[White "Olarasu,G"]
[Black "Petrovic,Mari"]
[Result "1-0"]
[WhiteElo "2222"]
[BlackElo "2212"]

1.d4 Nf6 2.c4 g6 3.Nc3 Bg7 4.e4 d6 5.Nf3 O-O 6.Be2 Nbd7 7.O-O e5 8.Qc2 exd4
9.Nxd4 Re8 10.Rd1 Qe7 11.f3 c6 12.Kh1 Nh5 13.Qd2 h6 14.Bf1 Qh4 15.Kg1 Nc5
16.Nde2 Be6 17.Qxd6 Bf8 18.Qc7 Rec8 19.Qe5 Nd7 20.Qa5 Nc5 21.b4 Nd7 22.Be3 b6
23.Qa4 Ne5 24.c5 b5 25.Qc2 a5 26.a3 Nc4 27.Bf2 Qg5 28.Qc1 Bg7 29.f4 Qe7 30.h3 Nf6
31.Nd4 axb4 32.axb4 Qd7 33.Rxa8 Rxa8 34.e5 Nh7 35.Bxc4  1-0

[Event "XXVI Open A"]
[Site "Bratto ITA"]
[Date "2006.08.27"]
[Round "9"]
[White "Cebalo,M"]
[Black "Mogranzini,R"]
[Result "0-1"]
[WhiteElo "2505"]
[BlackElo "2352"]

1.d4 Nf6 2.c4 g6 3.Nc3 Bg7 4.e4 d6 5.Nf3 O-O 6.Be2 e5 7.O-O Na6 8.Be3 Ng4
9.Bg5 Qe8 10.dxe5 dxe5 11.h3 f6 12.Bd2 Nh6 13.c5 Nxc5 14.Qc1 Nf7 15.Nd5 Ne6
16.Bb4 c6 17.Ne7+ Kh8 18.Nxc8 c5 19.Nxa7 cxb4 20.Nb5 Nf4 21.Qe1 Qc6 22.Nd2 Rfd8
23.g3 Nxe2+ 24.Qxe2 Rxd2 25.Qxd2 Qxb5 26.h4 Nd8 27.a4 Qb6 28.Rfd1 Nc6 29.Qd6 h5
30.Rd5 Qa6 31.Qc7 Nd4 32.Rd7 Rg8 33.Qxb7 Qe2 34.a5 g5 35.Qxb4 gxh4 36.Rxd4 hxg3
37.fxg3 Bh6  0-1

[Event "38th Atlantic Open"]
[Site "Washington DC USA"]
[Date "2006.08.27"]
[Round "5"]
[White "Kaufman,La"]
[Black "Bartell,T"]
[Result "0-1"]
[WhiteElo "2358"]
[BlackElo "2342"]

1.d4 Nf6 2.c4 g6 3.Nc3 Bg7 4.e4 d6 5.Nf3 O-O 6.Be2 e5 7.Be3 Nc6 8.d5 Ne7
9.Nd2 Nd7 10.b4 f5 11.f3 Nf6 12.c5 Nh5 13.Nc4 Nf4 14.Bf1 fxe4 15.fxe4 b5
16.Nxb5 Nexd5 17.exd5 Nxg2+ 18.Bxg2 Qh4+ 19.Kd2 Qxc4 20.Nc3 Bh6 21.Bxh6 Rf2+
22.Ke1 Rxg2 23.Qf3 Qh4+ 24.Kf1 Bh3 25.Qxg2 Qxh6 26.Re1 Rf8+ 27.Kg1 Bxg2 28.Kxg2 Qg5+  0-1

[Event "Rudenko Mem"]
[Site "St Petersburg RUS"]
[Date "2006.09.01"]
[Round "7"]
[White "Lupik,M"]
[Black "Kirillova,V"]
[Result "1/2-1/2"]
[WhiteElo "2249"]
[BlackElo "2236"]

1.d4 d6 2.c4 e5 3.Nc3 Nd7 4.e4 Ngf6 5.Nf3 g6 6.Be2 Bg7 7.O-O O-O 8.Be3 c6
9.d5 c5 10.Ne1 Ne8 11.Nd3 f5 12.f4 exf4 13.Nxf4 fxe4 14.Ne6 Rxf1+ 15.Qxf1 Qe7
16.Nxg7 Kxg7 17.Qf4 Nef6 18.Rf1 b6 19.Qh6+ Kg8 20.Bg5 Ba6 21.Qh4 Rf8 22.Bg4 Bxc4
23.Bxd7 Nxd7 24.Rxf8+ Qxf8 25.h3 Qf1+ 26.Kh2 Qf5 27.Bf4 Qf6 28.Qg4 Qf5 29.Qh4 Nf6
30.Bxd6 Bxd5 31.Qh6 Nd7 32.Qd2 Bc6 33.Bf4 Qe6 34.a3 a6 35.Bc7 Kg7 36.Bf4 h5
37.Ne2 Bb5 38.Nc3 Bd3 39.Bg3 c4 40.Qe3 Nf6 41.Bc7 b5 42.Bf4 Nd7 43.Qd4+ Kh7
44.Nd5 Qf5 45.Bg3 Qe6 46.Nc7 Qe7 47.Nd5 Qe6 48.Nc7 Qe7 49.Nd5 Qe6 50.Nc7  1/2-1/2

[Event "TCh-Serbia"]
[Site "Zlatibor SCG"]
[Date "2006.09.01"]
[Round "7"]
[White "Maksimenko,A"]
[Black "Efimenko,Z"]
[Result "1/2-1/2"]
[WhiteElo "2499"]
[BlackElo "2632"]

1.d4 Nf6 2.c4 g6 3.Nc3 Bg7 4.e4 d6 5.Be2 O-O 6.Nf3 Na6 7.O-O e5 8.Be3 h6
9.dxe5 Ng4 10.Bd2 Nxe5 11.Nxe5 dxe5 12.Qc1 Kh7 13.Rd1  1/2-1/2

[Event "It"]
[Site "Hereford ENG"]
[Date "2006.09.02"]
[Round "7"]
[White "Palliser,R"]
[Black "Gourlay,I"]
[Result "0-1"]
[WhiteElo "2413"]
[BlackElo "2337"]

1.d4 Nf6 2.c4 g6 3.Nc3 Bg7 4.e4 d6 5.Be2 O-O 6.Nf3 e5 7.O-O Na6 8.Be3 Ng4
9.Bg5 Qe8 10.dxe5 dxe5 11.Qc1 h6 12.Bd2 Kh7 13.h3 Nf6 14.Be3 c6 15.Rd1 Qe7
16.c5 Nc7 17.Nxe5 Qxe5 18.Bf4 Qe7 19.Bd6 Qd8 20.Bxf8 Qxf8 21.Qe3 Qe7 22.b4 h5
23.Rab1 Ne6 24.e5 Nd7 25.f4 Bh6 26.g3 h4 27.Rf1 a5 28.g4 axb4 29.Ne4 Nexc5
30.Nd6 f6 31.Rbd1 fxe5 32.Nxc8 Rxc8 33.g5 Bg7 34.Qf2 exf4 35.Qxh4+ Kg8 36.Bc4+ Ne6
37.Rxf4 b5  0-1

[Event "TCh-Serbia w"]
[Site "Zlatibor SCG"]
[Date "2006.09.02"]
[Round "8"]
[White "Vojinovic,J"]
[Black "Manakova,M"]
[Result "1/2-1/2"]
[WhiteElo "2132"]
[BlackElo "2322"]

1.d4 Nf6 2.Nf3 g6 3.c4 Bg7 4.Nc3 O-O 5.e4 d6 6.Be2 e5 7.Be3 Nbd7 8.d5 h6
9.h3 Nh5 10.Ng1 Nf4 11.Bf3 g5 12.g3 Ng6 13.Bg4 a5 14.Nge2 Nc5 15.Bxc5 dxc5
16.Qc2 Ne7 17.Bxc8 Rxc8 18.g4 Ng6 19.Ng3 Nh4 20.O-O-O Nf3 21.Nf5 Nd4 22.Qd3 c6
23.d6 b6 24.Na4 Rb8  1/2-1/2

[Event "59th ch-RUS 1st League"]
[Site "Tomsk RUS"]
[Date "2006.09.03"]
[Round "1"]
[White "Yevseev,D"]
[Black "Gochelashvili,D"]
[Result "1/2-1/2"]
[WhiteElo "2572"]
[BlackElo "2448"]

1.d4 Nf6 2.Nf3 g6 3.c4 Bg7 4.Nc3 O-O 5.e4 d6 6.Be2 e5 7.Be3 Na6 8.O-O Ng4
9.Bg5 Qe8 10.dxe5 dxe5 11.h3 h6 12.Bd2 Nf6 13.Be3 Qe7 14.a3 c6 15.b4 Nh5
16.Re1 Nf4 17.Bxf4 exf4 18.e5 Bf5 19.c5 Nc7 20.Bc4 a5 21.Ne4 Bxe4 22.Rxe4 g5
23.Nd4 axb4 24.axb4 Rxa1 25.Qxa1 Qd7 26.Qe1 Ne6 27.Nf5 b6 28.cxb6 Rb8 29.Re2 Rxb6
30.Rd2 Qc7 31.Rd6 c5 32.Bxe6 fxe6 33.bxc5 Qxc5 34.Rd8+ Kh7 35.Nxg7 Qc2 36.Rd1 Kxg7
37.Rc1 Qd3 38.Rd1 Qc2 39.Rc1  1/2-1/2

[Event "Open A"]
[Site "Trieste ITA"]
[Date "2006.09.04"]
[Round "4"]
[White "Ramesa,D"]
[Black "Tratar,M"]
[Result "0-1"]
[WhiteElo "2249"]
[BlackElo "2503"]

1.c4 g6 2.Nf3 Bg7 3.Nc3 d6 4.d4 Nd7 5.e4 e5 6.Be2 Ngf6 7.O-O O-O 8.Be3 c6
9.d5 c5 10.Ne1 Ne8 11.Nd3 Qe7 12.g4 f5 13.f3 Bf6 14.Kg2 f4 15.Bf2 h5 16.h3 Bh4
17.Qe1 Bxf2 18.Qxf2 Rf7 19.a3 g5 20.Rg1 Rh7 21.Kf1 hxg4 22.hxg4 Nf8 23.Ke1 b6
24.Kd2 Ng6 25.b4 Nf6 26.Rab1 Qd8 27.Rb3 Ba6 28.b5 Bc8 29.Qe1 Bd7 30.Rh1 Nh4
31.Nf2 Qe7 32.Nh3 Qg7 33.Qf2 Qg6 34.Rh2 Kg7 35.Rb1 Rah8 36.Rbh1 Kf8 37.a4 Ke7
38.Kc1 Kd8 39.Kb2 Kc7 40.Kb3 Kb7 41.Ka3 Nxf3 42.Bxf3 Bxg4 43.Ng1 Bd7 44.Rxh7 Rxh7
45.Rxh7 Qxh7 46.Nge2 g4 47.Bg2 Qh2 48.Qf1 Be8 49.Qh1 Qxh1 50.Bxh1 Bg6 51.Kb2 Nh5
52.Ng1 Ng3 53.Bg2 Bh5 54.Nce2 Nxe2 55.Nxe2 f3 56.Ng1 fxg2 57.Kc2 g3 58.Kd2 Bg4  0-1

[Event "ch-U20 w Panamerican"]
[Site "Bogota COL"]
[Date "2006.09.05"]
[Round "4"]
[White "Han,I"]
[Black "Bouret,G"]
[Result "1-0"]
[WhiteElo "2096"]
[BlackElo "1841"]

1.d4 Nf6 2.c4 g6 3.Nc3 Bg7 4.e4 d6 5.Nf3 O-O 6.Be2 Nbd7 7.O-O e5 8.Qc2 a6
9.Rd1 Qe8 10.d5 Kh8 11.b4 b6 12.Rb1 a5 13.a3 Ng8 14.Ne1 f5 15.f3 Ndf6 16.c5 bxc5
17.bxc5 Qf7 18.cxd6 cxd6 19.Nb5 Ne8 20.Qc6 Bb7 21.Nxd6 Bxc6 22.Nxf7+ Rxf7
23.dxc6 Rc7 24.Bb5 fxe4 25.Be3 Rb8 26.Ba4 Rxb1 27.Rxb1 Ne7 28.Rb7 exf3 29.Nxf3 Kg8
30.Ng5 Nd6 31.Rxc7  1-0

[Event "ch-U20 w Panamerican"]
[Site "Bogota COL"]
[Date "2006.09.05"]
[Round "5"]
[White "Zapata,T"]
[Black "Rivera,I"]
[Result "1/2-1/2"]
[WhiteElo "2041"]
[BlackElo "2105"]

1.d4 Nf6 2.c4 g6 3.Nc3 Bg7 4.e4 d6 5.Nf3 O-O 6.Be2 Nbd7 7.O-O e5 8.Re1 h6
9.Rb1 Nh7 10.Bf1 f5 11.dxe5 dxe5 12.b3 Ng5 13.Nxg5 hxg5 14.exf5 gxf5 15.Qh5 f4
16.Ne4 Nf6 17.Nxf6+ Qxf6 18.Bb2 Qf5 19.Rbd1 g4 20.Qxf5 Bxf5 21.Bxe5 Bxe5
22.Rxe5 Rf7 23.g3 f3 24.h3 gxh3 25.Kh2 Kg7 26.g4 Bg6 27.Kxh3 Kf6 28.Re3 Kg5
29.Kg3 Raf8 30.Rd5+ Kh6 31.Bd3 b6 32.Bxg6 Kxg6 33.Rdd3 Rh7 34.Re6+ Rf6 35.Rxf6+ Kxf6
36.Rxf3+ Kg6 37.Rd3 a5 38.a3 Kf6 39.c5 bxc5 40.Rc3 Rd7 41.Rxc5 Rd3+ 42.f3 Rxb3
43.Rxa5 Rc3 44.a4 c5 45.Ra6+ Ke5 46.Ra8 Rc1 47.Re8+ Kd4 48.a5 Ra1 49.Ra8 c4
50.a6 c3 51.a7 c2 52.Rc8 Kd3 53.g5 Rxa7 54.f4 Ra8 55.Rc7 Ra7 56.Rc8 Ra8 57.Rc7 Ra7  1/2-1/2

[Event "USCL"]
[Site "ICC INT"]
[Date "2006.09.06"]
[Round "2"]
[White "Kaufman,La"]
[Black "Bonin,J"]
[Result "1-0"]
[WhiteElo "2358"]
[BlackElo "2315"]

1.d4 Nf6 2.c4 g6 3.Nc3 Bg7 4.e4 d6 5.Nf3 O-O 6.Be2 e5 7.Be3 exd4 8.Nxd4 Re8
9.f3 Nc6 10.Nc2 Nh5 11.g4 Bxc3+ 12.bxc3 Ng7 13.Qd2 Ne5 14.h4 Be6 15.h5 Bxc4
16.hxg6 hxg6 17.O-O-O Bxe2 18.Qxe2 Qf6 19.f4 Nc6 20.Qh2 Ne6 21.f5 Ng5 22.fxg6 Ne5
23.Rdf1 Nef3 24.gxf7+ Kxf7 25.Bxg5 Nxh2 26.Rxf6+ Kg7 27.Rxh2  1-0

[Event "USCL"]
[Site "ICC INT"]
[Date "2006.09.06"]
[Round "2"]
[White "Winer,S"]
[Black "Rogers,N"]
[Result "1-0"]
[WhiteElo "2401"]
[BlackElo "2260"]

1.d4 Nf6 2.c4 g6 3.Nc3 Bg7 4.e4 O-O 5.Nf3 d6 6.Be2 Nbd7 7.O-O e5 8.Be3 a5
9.dxe5 dxe5 10.Nd2 c6 11.c5 Qe7 12.Na4 Ne8 13.Nc4 f5 14.f3 Ndf6 15.Nab6 Rb8
16.Nxc8 Rxc8 17.Qc2 Ra8 18.Nb6 Rd8 19.exf5 gxf5 20.Qxf5 Nd5 21.Nxd5 cxd5
22.Qh3 Nf6 23.Bd3 e4 24.fxe4 Nxe4 25.Qg4 Kh8 26.Rxf8+ Rxf8 27.Bxe4 dxe4 28.Rd1 a4
29.Qd7 Qxd7 30.Rxd7 Bxb2 31.Rxb7 a3 32.Re7 Bf6 33.Ra7 Bb2 34.Ra4 Rd8 35.c6 Rc8
36.Rc4 Kg7 37.Bf4 Kf6 38.c7 Be5 39.Bxe5+ Kxe5 40.Kf2 Kd5 41.Rc2 Kd4 42.Ke2 h5
43.g3 e3 44.Rc6 Kd5 45.Rc3 Kd4 46.Rxa3 Rxc7 47.Ra4+ Kc3 48.Kxe3 Kb2 49.Rh4 Rc5
50.a4 Ra5 51.Rb4+ Kc3 52.Rb5 Rxa4 53.Rxh5 Ra1 54.Rc5+ Kb4 55.Rc8 Rf1 56.h4 Kb5
57.Rc2 Kb4 58.Rf2 Rg1 59.Kf4 Kc4 60.g4 Kd5 61.Kg5 Ke6 62.h5 Ke7 63.h6  1-0

[Event "ch-EU"]
[Site "Liverpool ENG"]
[Date "2006.09.06"]
[Round "1"]
[White "Gordon,S"]
[Black "Wallace,P"]
[Result "1-0"]
[WhiteElo "2443"]
[BlackElo "2242"]

1.d4 Nf6 2.c4 g6 3.Nc3 Bg7 4.e4 d6 5.Nf3 O-O 6.Be2 e5 7.Be3 exd4 8.Nxd4 Re8
9.f3 Nc6 10.Qd2 Ne5 11.O-O a6 12.Rad1 c6 13.b3 c5 14.Nc2 Qa5 15.Na4 Qxd2
16.Rxd2 Bf8 17.Nb6 Rb8 18.Bg5 Nfd7 19.Nxd7 Nxd7 20.Ne3 f6 21.Bf4 Ne5 22.Nd5 Kf7
23.Nb6 Be6 24.Be3 f5 25.exf5 gxf5 26.f4 Ng6 27.Kf2 Kg8 28.g3 Be7 29.Bf3 Kg7
30.Rfd1 Nf8 31.Rd3 Bd8 32.Rxd6 Bc7 33.Bxc5 Bxd6 34.Bxd6 Rbd8 35.Bxb7 Rb8
36.Bc6 Red8 37.c5  1-0

[Event "5th Kesarovski - Georgiev Mem"]
[Site "Sunny Beach BUL"]
[Date "2006.09.06"]
[Round "5"]
[White "Tomov,G"]
[Black "Fernandez Manrique,A"]
[Result "1/2-1/2"]
[WhiteElo "2292"]
[BlackElo "2168"]

1.Nf3 Nf6 2.c4 g6 3.Nc3 Bg7 4.e4 d6 5.d4 O-O 6.Be2 e5 7.dxe5 dxe5 8.Qxd8 Rxd8
9.Bg5 c6 10.Nxe5 Re8 11.Nf3 Nxe4 12.Nxe4 Rxe4 13.O-O-O Re8 14.Rhe1 Na6 15.Be3 Nc7
16.a3 a5 17.Nd2 f5 18.Bb6 Ne6 19.c5 Nf4 20.Bc4+ Be6 21.Bxe6+ Rxe6 22.Rxe6 Nxe6
23.Nc4 Bd4 24.Nxa5 Bxc5 25.Bxc5 Rxa5 26.Bb4 Rb5 27.Rd7 Nf4 28.g3 Nd5 29.Bd6 Nf6
30.Rd8+ Kf7 31.Rb8 Ne4 32.a4 Ra5 33.Rxb7+ Ke6 34.Ba3 Rxa4 35.f3 Rc4+ 36.Kd1 Rd4+
37.Ke2 Ng5 38.Re7+ Kf6 39.Rc7 Ne6 40.Rxc6 f4 41.Bc5 Ra4 42.Kd3 Ke5 43.Bf2 Kd5
44.Rb6 Ra1 45.gxf4 Nxf4+ 46.Ke3 Ng2+ 47.Kd2 Nf4 48.Bg3 Nh5 49.Bb8 Rf1 50.Ke2 Rb1
51.Kf2 Ng7 52.f4 Nf5 53.Be5 Rh1 54.Kg2 Rc1 55.Rb7 h5 56.Rb6 Ke4 57.Rb4+ Kd5
58.Kh3 Rg1 59.Ra4 Rg4 60.Bf6 Ne3 61.Bh4 Rg2 62.Ra5+ Kc4 63.Re5 Re2 64.Bd8 Rd2
65.Rxe3 Rxd8 66.b3+ Kd4 67.Re6 Rb8 68.Rxg6 Rxb3+ 69.Kh4 Rf3 70.Kg5 Rh3 71.f5 Rxh2
72.Re6 h4 73.f6 h3 74.Re1 Rg2+ 75.Kh6 h2 76.Rh1 Ke5 77.f7 Rf2 78.Kg7 Rg2+
79.Kf8 Ra2 80.Re1+ Kf6 81.Rf1+ Ke6 82.Kg8 Rg2+ 83.Kh7 Rg1  1/2-1/2

[Event "Open A"]
[Site "Trieste ITA"]
[Date "2006.09.06"]
[Round "6"]
[White "Cadelli,L"]
[Black "Grobovsek,I"]
[Result "1/2-1/2"]
[WhiteElo "2088"]
[BlackElo "1950"]

1.d4 Nf6 2.Nf3 d6 3.c4 g6 4.Nc3 Bg7 5.e4 O-O 6.Be2 e5 7.Bg5 Nc6 8.d5 Ne7
9.Qd2 Nd7 10.Rb1 f6 11.Bh6 a5 12.a3 a4 13.Bd1 Nc5 14.Be3 Nb3 15.Bxb3 axb3
16.Qd1 Bg4 17.h3 Bxf3 18.gxf3 f5 19.Qxb3 f4 20.Bd2 Rb8 21.Ke2 g5 22.Rbg1 Ng6
23.Qc2 Nh4 24.Qd3 h6 25.b4 Qe7 26.a4 Ra8 27.Bc1 b6 28.Bb2 Rfb8 29.Qc2 Bf8
30.b5 Qe8 31.Rg4 Be7 32.Qb3 Ra7 33.Ba3 Kh7 34.Bb4 Rba8 35.Ba3 Rb7 36.Bc1 Rba7
37.Bd2 Ng6 38.Rgg1 Nh4 39.Qd1 Qd7 40.Rg4 Rg8 41.Na2 Rga8 42.Nc3 Bf6 43.Qc2 Rg8
44.Qd3 Kg7 45.Qc2 Kf7 46.Qd1 Raa8 47.Kd3 Ra7 48.Kc2 Rga8 49.Kb3 Qe8 50.Qe2 Ng6
51.Rgg1 Qd7 52.Ra1 Qe8 53.Nb1 Nf8 54.Bb4 Ng6 55.Nd2 Nh4 56.Qd3 Be7 57.Qc3 Kf6
58.Ra3 Qd7 59.Qa1 h5 60.Qc3 Kf7 61.Qd3 Rg8 62.Raa1 Raa8 63.Qc3 Bf6 64.a5 bxa5
65.Bxa5 g4 66.hxg4 hxg4 67.fxg4 Rxg4 68.Qh3 Rag8 69.Bc3 Qe7 70.Nf3 Nxf3 71.Qxf3 R8g7
72.Ra7 Qd8 73.Ba5 Rg3 74.Qxg3 Rxg3+ 75.fxg3 Qg8 76.Rxc7+ Be7 77.gxf4 exf4
78.Rh5 Qg3+ 79.Bc3 Qg6 80.Rf5+ Ke8 81.Rxf4 Qg1 82.Bd2 Bg5 83.Rcf7 Qb1+ 84.Kc3 Qa1+
85.Kd3 Qb1+ 86.Kc3 Qa1+ 87.Kd3  1/2-1/2

[Event "ch-EU"]
[Site "Liverpool ENG"]
[Date "2006.09.07"]
[Round "2"]
[White "Trevelyan,J"]
[Black "Radovanovic,J"]
[Result "0-1"]
[WhiteElo "2243"]
[BlackElo "2366"]

1.d4 Nf6 2.c4 g6 3.Nc3 Bg7 4.e4 d6 5.Nf3 O-O 6.Be2 e5 7.dxe5 dxe5 8.Qxd8 Rxd8
9.Bg5 Re8 10.Nd5 Nxd5 11.cxd5 c6 12.Bc4 b5 13.Bb3 Bb7 14.dxc6 Bxc6 15.Nd2 a5
16.Rc1 a4 17.Bd1 Bd7 18.Be2 Ra7 19.Be3 Rb7 20.O-O Nc6 21.Rfd1 Nd4 22.Bd3 Bg4
23.f3 Be6 24.Bxd4 exd4 25.Rc5 Reb8 26.b3 Bh6 27.bxa4 bxa4 28.Nc4 Bf8 29.Ra5 Rb4
30.Ne5 Rc8 31.a3 Rb2 32.Ra1 Bb3 33.h4 h5 34.Nd7 Be7 35.Nb6 Rc3 36.Bf1 d3
37.Nd5 Bc5+ 38.Kh2 Bxd5 39.exd5 d2 40.Rd1 Bd6+  0-1

[Event "5th Kesarovski - Georgiev Mem"]
[Site "Sunny Beach BUL"]
[Date "2006.09.07"]
[Round "6"]
[White "Kirilov,K"]
[Black "Hald,J"]
[Result "1-0"]
[WhiteElo "1607"]
[BlackElo "2199"]

1.d4 Nf6 2.c4 g6 3.Nc3 Bg7 4.e4 d6 5.Be2 O-O 6.Nf3 Nbd7 7.O-O e5 8.Re1 c6
9.Bf1 Qe7 10.h3 Nh5 11.Rb1 Rd8 12.b4 Nf8 13.d5 f5 14.Bd3 Nf6 15.Ba3 cxd5
16.cxd5 fxe4 17.Nxe4 Nxe4 18.Rxe4 Nd7 19.b5 Nb6 20.Nxe5 Bxe5 21.f4 Bf5 22.Rxe5 Qh4
23.Rxf5 gxf5 24.Bxf5 Qxf4 25.Be6+ Kf8 26.Qh5  1-0

[Event "3rd LGA Premium Cup"]
[Site "Nuernberg GER"]
[Date "2006.09.08"]
[Round "3"]
[White "Balinov,I"]
[Black "Redzepovic,I"]
[Result "1-0"]
[WhiteElo "2454"]
[BlackElo "2053"]

1.d4 Nf6 2.Nf3 g6 3.c4 Bg7 4.Nc3 O-O 5.e4 d6 6.Be2 e5 7.Be3 Ng4 8.Bg5 f6
9.Bh4 Qe8 10.h3 Nh6 11.O-O Nc6 12.c5 exd4 13.Nb5 Qxe4 14.Re1 Qf5 15.Nxc7 Rb8
16.cxd6 Qc5 17.Bg3 Nf5 18.Rc1 Qa5 19.Qb3+ Kh8 20.Rxc6 d3 21.Bxd3 Nd4 22.Nxd4 Qxe1+
23.Kh2 f5 24.Nf3 Qa5 25.Rc2 Bf6 26.Qb5 Qxa2 27.Be5 Qf7 28.Bxf6+ Qxf6 29.Ne8 Bd7
30.Qxd7  1-0

[Event "5th Kesarovski - Georgiev Mem"]
[Site "Sunny Beach BUL"]
[Date "2006.09.08"]
[Round "7"]
[White "Nikolov,Sas"]
[Black "Fernandez Manrique,A"]
[Result "1-0"]
[WhiteElo "2358"]
[BlackElo "2168"]

1.d4 Nf6 2.c4 g6 3.Nc3 Bg7 4.e4 d6 5.Nf3 O-O 6.Be2 e5 7.O-O exd4 8.Nxd4 Re8
9.f3 Nh5 10.Be3 f5 11.Qd2 f4 12.Bf2 Be5 13.Rfd1 Qf6 14.Rac1 Na6 15.b4 Ng3
16.c5 Nxe2+ 17.Qxe2 dxc5 18.bxc5 c6 19.Qc4+ Qf7 20.Qxf7+ Kxf7 21.Na4 Nc7
22.Nb2 Ne6 23.Nc4 Bc7 24.Ne2 Ke7 25.g3 Ng5 26.gxf4 Nh3+ 27.Kf1 Nxf4 28.Bh4+ Kf8
29.Nd6 Bxd6 30.cxd6 Nxe2 31.Kxe2 Bd7 32.Be7+ Kf7 33.Ke3 Reb8 34.h4 b5 35.h5 b4
36.Rh1 Rh8 37.Rh4 Be6 38.Rf4+ Ke8 39.Rxc6 Rc8 40.Rxc8+ Bxc8 41.e5 g5 42.Rc4 Be6
43.Rc7 Rg8 44.Bf6 Bd7 45.e6 Bxe6 46.Re7+ Kf8 47.h6  1-0

[Event "ch-EU"]
[Site "Liverpool ENG"]
[Date "2006.09.09"]
[Round "4"]
[White "Trevelyan,J"]
[Black "Armstrong,W"]
[Result "1-0"]
[WhiteElo "2243"]
[BlackElo "1955"]

1.d4 Nf6 2.c4 g6 3.Nc3 Bg7 4.e4 d6 5.Nf3 O-O 6.Be2 Nbd7 7.O-O e5 8.d5 Nc5
9.Qc2 a5 10.Ne1 Re8 11.b3 Nfd7 12.Bg4 Nf8 13.Bxc8 Rxc8 14.Be3 Ncd7 15.Nd3 f5
16.f3 f4 17.Bd2 g5 18.Nb5 Ra8 19.c5 Nxc5 20.Nxc5 dxc5 21.Qxc5 Re7 22.Rac1 b6
23.Qc4 Kh8 24.Nxc7 Ra7 25.Nb5 Rad7 26.Qc8 Re8 27.Qxd8 Rdxd8 28.Rc6 Nd7 29.Nd6 Re7
30.Rfc1 h5 31.Nc8 Rf7 32.Nxb6 Nxb6 33.Rxb6 Ra7 34.Rbc6 g4 35.Rc8  1-0

[Event "5th Kesarovski - Georgiev Mem"]
[Site "Sunny Beach BUL"]
[Date "2006.09.09"]
[Round "8"]
[White "Ermenkov,Evgenij"]
[Black "Angelov,K"]
[Result "1-0"]
[WhiteElo "2462"]
[BlackElo "2191"]

1.d4 Nf6 2.Nf3 g6 3.c4 Bg7 4.Nc3 O-O 5.e4 d6 6.Be2 Na6 7.O-O e5 8.Be3 Qe8
9.dxe5 dxe5 10.c5 Ng4 11.Bg5 Nxc5 12.Nd5 Qd7 13.Rc1 Nxe4 14.Rxc7 Qe6 15.Be7 Ngxf2
16.Rxf2 Nxf2 17.Kxf2 e4 18.Bc4 Qf5 19.Bxf8 Bxf8 20.Ne3 Bc5 21.Qd8+  1-0

[Event "EU-chB18"]
[Site "Herceg Novi MNE"]
[Date "2006.09.10"]
[Round "1"]
[White "Lenic,L"]
[Black "Eletskikh,A"]
[Result "1-0"]
[WhiteElo "2500"]
[BlackElo "2255"]

1.d4 Nf6 2.c4 g6 3.Nc3 Bg7 4.e4 d6 5.Nf3 O-O 6.Be2 e5 7.O-O exd4 8.Nxd4 Re8
9.f3 Nc6 10.Be3 Nh5 11.f4 Nf6 12.Bf3 Bg4 13.Bxg4 Nxg4 14.Qxg4 Nxd4 15.Bf2 Qc8
16.Qd1 Nc6 17.Qd3 Nb4 18.Qd2 Qe6 19.b3 a5 20.Rae1 Bxc3 21.Qxc3 Nxa2 22.Qd2 Nb4
23.Bd4 Nc6 24.Ba1 f6 25.Rf3 Qf7 26.e5 dxe5 27.fxe5 Rad8 28.Qf2 f5 29.g4 Qe6
30.gxf5 gxf5 31.Rxf5 Ne7 32.Qg2+ Ng6 33.Ref1 Qb6+ 34.Kh1 Qxb3 35.Rf6 Qd3
36.h4 Rd4 37.Bxd4 Qxd4 38.Rxg6+  1-0

[Event "XVI WSen"]
[Site "Arvier ITA"]
[Date "2006.09.11"]
[Round "1"]
[White "Veselsky,J"]
[Black "Renzini,L"]
[Result "1-0"]
[WhiteElo "2169"]
[BlackElo "1821"]

1.d4 Nf6 2.Nf3 g6 3.c4 Bg7 4.Nc3 d6 5.e4 O-O 6.Be2 Nbd7 7.O-O e5 8.dxe5 dxe5
9.b3 Nc5 10.Ba3 Nfd7 11.Qc2 c6 12.Na4 Qa5 13.Rad1 Re8 14.Nxc5 Nxc5 15.Bc1 Bg4
16.Be3 Ne6 17.Ne1 Bxe2 18.Qxe2 Nd4 19.Qb2 c5 20.Nd3 Qc7 21.f3 b6 22.Rf2 Rad8
23.Qc1 Rd7 24.Rfd2 Re6 25.Nf2 Red6 26.Bxd4 Rxd4 27.Rxd4 exd4 28.Nd3 Qd8 29.Qf4 Qc7
30.Qxc7 Rxc7 31.Kf2 Bh6 32.f4 f6 33.Kf3 Kf7 34.g4 Bf8 35.h4 h6 36.Re1 Re7
37.e5 fxe5 38.fxe5 Bg7 39.Ke4 g5 40.hxg5 hxg5 41.Kf5 Re6 42.Kxg5 Bh6+ 43.Kf5 Be3
44.Rh1 Rh6 45.Rxh6 Bxh6 46.e6+ Ke7 47.g5 Bg7 48.Nf4 Ke8 49.Kg6 Bf8 50.Kf6 Be7+
51.Kf5 Bf8 52.g6 Bg7 53.Nh5 d3 54.Nxg7+ Ke7 55.Ke5 d2 56.Nf5+  1-0

[Event "EU-chB18"]
[Site "Herceg Novi MNE"]
[Date "2006.09.11"]
[Round "2"]
[White "Rees,I"]
[Black "Schwarhofer,C"]
[Result "1/2-1/2"]
[WhiteElo "2241"]
[BlackElo "2162"]

1.Nf3 Nf6 2.c4 g6 3.Nc3 Bg7 4.e4 d6 5.d4 O-O 6.Be2 e5 7.O-O Nbd7 8.Be3 c6
9.d5 c5 10.Ne1 h5 11.a3 Kh7 12.b4 b6 13.Nd3 Ng8 14.Qd2 f5 15.f4 fxe4 16.Nxe4 exf4
17.Nxf4 Bxa1 18.Rxa1 Ne5 19.bxc5 bxc5 20.Ne6 Bxe6 21.Ng5+ Kh8 22.Nxe6 Qh4
23.Nxf8 Rxf8 24.Rf1 Rxf1+ 25.Bxf1 Nxc4 26.Qc3+ Ne5 27.Bxc5 dxc5 28.Qxe5+ Qf6
29.Qe4 Ne7 30.Qe3  1/2-1/2

[Event "5th Open"]
[Site "Izmir TUR"]
[Date "2006.09.11"]
[Round "2"]
[White "Aydogdu,E"]
[Black "Ushenina,A"]
[Result "1/2-1/2"]
[WhiteElo "2029"]
[BlackElo "2410"]

1.d4 d6 2.Nf3 g6 3.c4 Bg7 4.Nc3 Nd7 5.e4 e5 6.Be2 Ngf6 7.O-O O-O 8.dxe5 dxe5
9.h3 c6 10.Be3 Qe7 11.Qd2 Nc5 12.Bxc5 Qxc5 13.Rad1 Nh5 14.Qd6 Qxd6 15.Rxd6 Nf4
16.Rfd1 Re8 17.b3 f6 18.Bf1 Ne6 19.g3 Bf8 20.R6d3 Bb4 21.Na4 Rb8 22.Kh2 g5
23.Be2 Kg7 24.Kg2 h5 25.Kh2 Kg6 26.Bf1 b5 27.cxb5 cxb5 28.Nc3 Nc5 29.Re3 Bxc3
30.Rxc3 Nxe4 31.Bd3 Bf5 32.Rc6 Nxg3 33.fxg3 e4 34.Nd4 exd3 35.Nxf5 Re2+ 36.Kg1 d2
37.Ne7+ Kf7 38.Kf1 Rxe7 39.Rxd2 Rbe8 40.Rf2 Re1+ 41.Kg2 R8e6 42.Rc7+ Re7
43.Rc6 R1e6 44.Rc5 Re5 45.Rc6 f5 46.Rh6 Re2 47.Rxh5 Rxf2+ 48.Kxf2 Kg6 49.Rh8 Rc7
50.Re8 Rc1 51.Re6+ Kf7 52.Ra6 Rc2+ 53.Ke3 Rc3+ 54.Kf2 Rc2+ 55.Ke3  1/2-1/2

[Event "ProMoPro Open"]
[Site "Prague CZE"]
[Date "2006.09.12"]
[Round "4"]
[White "Urbanek,S"]
[Black "Seleljo,D"]
[Result "1/2-1/2"]
[WhiteElo "2086"]
[BlackElo "2303"]

1.d4 Nf6 2.Nf3 g6 3.c4 Bg7 4.Nc3 d6 5.e4 O-O 6.Be2 e5 7.d5 a5 8.Bg5 h6 9.Bh4 g5
10.Bg3 Nh5 11.h4 g4 12.Nh2 Nxg3 13.fxg3 h5 14.O-O c6 15.Kh1 cxd5 16.Nxd5 Nc6
17.Rf2 f5 18.exf5 Rxf5 19.Rxf5 Bxf5 20.Nf1 Nd4 21.Nfe3 b6 22.Kh2 e4 23.Nxf5 Nxf5
24.Bxg4 hxg4 25.Qxg4 Nh6 26.Qxe4 Ra7 27.Re1 Be5 28.Qg6+ Rg7 29.Qxh6 Bxg3+
30.Kg1 Bxe1 31.Qe6+ Kh8 32.Qxe1 Qc8 33.Nxb6 Qc5+ 34.Qf2 Rg4 35.Qxc5 dxc5
36.b3 Rxh4 37.Nd7 a4 38.Nxc5 a3 39.Na6 Rd4 40.Kh2 Rd3 41.Nb4 Rc3 42.g3  1/2-1/2

[Event "XVI WSen"]
[Site "Arvier ITA"]
[Date "2006.09.13"]
[Round "3"]
[White "Zhelesny,S"]
[Black "Beltrami,N"]
[Result "1-0"]
[WhiteElo "2235"]
[BlackElo "2055"]

1.d4 Nf6 2.c4 g6 3.Nc3 Bg7 4.e4 d6 5.Nf3 O-O 6.Be2 e5 7.O-O Na6 8.dxe5 dxe5
9.b3 c6 10.Ba3 Re8 11.Qxd8 Rxd8 12.Rad1 Re8 13.h3 Nh5 14.Bd6 f6 15.b4 Nf4
16.b5 Nxe2+ 17.Nxe2 Nb8 18.bxc6 bxc6 19.Rd2 Ba6 20.c5 Bh6 21.Rb2 Bd3 22.Rd1 Bxe4
23.Nc3 Bf5 24.g4 Be6 25.Bxb8 Raxb8 26.Rxb8 Rxb8 27.Rd6 Kf7 28.Rxc6 Rc8 29.Rxc8 Bxc8
30.Nb5 Ba6 31.Nxa7 Bf8 32.a4 Bxc5 33.Nb5 Ke7 34.g5 Bb7 35.gxf6+ Kxf6 36.Nd2 Bb4
37.Nc4 Bc6 38.Nc7 Kf5 39.a5 Ke4 40.a6 Kd4 41.Ne3 Ba5 42.Ne6+ Kc3 43.Nf8 Bb6
44.Nxh7 Kd4 45.Nf8 Be4 46.Ng4 Bd3 47.Nd7 Ba7 48.Ndxe5 Bb5 49.Kg2 Ke4 50.Nxg6 Bxa6
51.Kg3 Bf1 52.f3+ Kf5 53.Nh4+ Ke6 54.Ng2 Ke7 55.h4 Be2 56.N2e3 Bxf3 57.Kxf3 Kf7
58.h5 Bd4 59.Ke4 Bb2 60.Kf5 Ba1 61.Ne5+ Kg7 62.N3g4 Kh7 63.Nf6+ Kg7 64.Nfg4 Bc3
65.Nf3 Bb2 66.Ng5 Bc3 67.h6+ Kh8 68.Kg6 Bd4 69.Nf7+ Kg8  1-0